000
00307nam a2200121Ia 4500
008
190722s9999 xx 000 0 und d
020
_a
978-1-4842-2730-5
100
_a
Ashwin Pajankar
245
0
_a
Raspberry PI Image Processing Programming
260
_a
Inda
_b
Apress
_c
2017
300
_a
127
942
_c
BK
999
_c
1127
_d
1127